00876nam a2200265 a 450000100060000000300080000600500170001400800410003102000180007203500190009004000370010904100080014606000220015408200260017610000200020224500490022226000730027130000460034450400510039065000200044165000240046165000290048565000330051465000630054736902BD-RjUL20211209052545.0140922s1994 enka b 001 0 eng c a9780521566957 a(BD-RjUL)37004 aDNLM/DLCcDLCdDLCdBD-RjULbeng aeng00aWO 192 S679m 199400a617.024220bSOM 19941 aSodera, Vija K.10aMinor surgery in practice /cVija K. Sodera  aCambridge ;aNew York, NY, USA :bCambridge University Press,c1994. axvi, 356 p. :bill. (some col.) ;c29 cm. aIncludes bibliographical references and index. 0aSurgery, Minor. 0aAmbulatory surgery. 2aSurgery, Minorxmethods. 2aAmbulatory Surgeryxmethods. 2aAmbulatory Care Facilitiesxorganization & adminiatration.